| 000 | 00526nam a2200181Ia 4500 | ||
|---|---|---|---|
| 005 | 20250326123850.0 | ||
| 008 | 250326s9999 xx 000 0 und d | ||
| 037 | _aTextbook | ||
| 040 |
_aFMSL _beng _cFMSL |
||
| 041 |
_aeng _2eng |
||
| 084 |
_aS(X:8) L6 _qFMSL |
||
| 100 |
_aHarris O J _9736270 |
||
| 245 | 0 |
_aManaging people at work: concepts and cases in interpersonal behaviour _cHarris O J |
|
| 260 |
_aNY _bNY, John Wiley _c1976 |
||
| 300 | _a581p | ||
| 942 |
_cTB _hS(X:8) L6 |
||
| 999 |
_c1271258 _d1271258 |
||